000 00427nam a22001817a 4500
999 _c11386
_d11386
003 OSt
008 220615b ||||| |||| 00| 0 eng d
020 _a9781138625822
082 _a004.33 LIR
100 _aLI, Qing
245 _aReal - Time Concepts for Embedded Systems
250 _aRep.
260 _aNew York
_bFocal Press T&F
_c2020
300 _a294
650 _aCSE
700 _aYAO, Caroline
942 _2ddc
_cBK